=LDR 00000nam 2200000 4500 =001 INLIS000000000011160 =005 20130612102742 =008 ***********************************Ind** =035 ##$$0010-061300000011160 =041 ##$$a Ind =082 ##$$a 598.8 =090 ##$$a 598 8, Sud. p =100 ##$$a Sudrajad =245 ##$$a Petunjuk memilih burung ocehan bakulan, Sudrajad =260 ##$$a 1997 $b Jakarta =300 ##$$a VIII,62 hlm., ilus, 21 cm =650 ##$$a Burung ocehan =850 ##$$a NBPNMAT